Flags of East Asia - Statistics

General Stats
  • This quiz has been taken 84 times
  • The average score is 15 of 16
Answer Stats
Picture Hint Answer % Correct
Japan
100%
South Korea
100%
China
98%
Vietnam
98%
Indonesia
95%
North Korea
95%
Philippines
93%
Singapore
93%
Malaysia
91%
Cambodia
87%
Taiwan
87%
Thailand
87%
(Hyphenated) Timor-Leste
87%
Laos
85%
Brunei
82%
Mongolia
82%
No matching quizzes found
Score Distribution
Percent of People with Each Score
Percentile by Number Answered
Your Score History
You have not taken this quiz